| Tag |
First Indicator |
Second Indicator |
Subfields |
| LEADER |
00000cam a2200000 a 4500 |
| 001 |
in00000019030 |
| 005 |
20151007054136.0 |
| 008 |
810520s1981 ilua j 00010beng |
| 010 |
|
|
|a 81009993
|
| 020 |
|
|
|a 0516035657 (lib. bdg.)
|
| 035 |
|
|
|a (OCoLC)07577977
|
| 035 |
|
|
|9 AAB4114AM
|
| 040 |
|
|
|a DLC
|c DLC
|d m/c
|d TXA
|d UtOrBLW
|
| 049 |
|
|
|a [Curr Col] TXAM
|c [A11060133]
|
| 050 |
0 |
0 |
|a E877
|b .B43
|
| 082 |
0 |
|
|a 973.927/092/4
|a B
|a 92
|2 19
|
| 100 |
1 |
|
|a Behrens, June.
|
| 245 |
1 |
0 |
|a Ronald Reagan, an all-American /
|c by June Behrens.
|
| 264 |
|
1 |
|a Chicago :
|b Childrens Press,
|c [1981]
|
| 264 |
|
4 |
|c ©1981
|
| 300 |
|
|
|a 31 pages :
|b illustrations ;
|c 25 cm.
|
| 336 |
|
|
|a text
|b txt
|2 rdacontent
|
| 337 |
|
|
|a unmediated
|b n
|2 rdamedia
|
| 338 |
|
|
|a volume
|b nc
|2 rdacarrier
|
| 520 |
|
|
|a Brief biography of the man who became the fortieth President of the United States.
|
| 600 |
1 |
0 |
|a Reagan, Ronald
|x Juvenile literature.
|
| 650 |
|
0 |
|a Presidents
|z United States
|v Biography
|v Juvenile literature.
|
| 600 |
1 |
1 |
|a Reagan, Ronald.
|
| 650 |
|
1 |
|a Presidents.
|
| 999 |
|
|
|a MARS
|
| 999 |
f |
f |
|s 123c47b4-31b6-35bd-91fe-e1100041d7d2
|i a3ae62b3-9e07-323f-886d-bfaf76866529
|t 0
|
| 952 |
f |
f |
|p ric
|a Texas A&M University
|b Rellis Campus
|c Joint Library Facility
|d Remote Storage
|t 0
|e E877 .B43
|h Library of Congress classification
|i unmediated -- volume
|m A14811060133
|
| 998 |
f |
f |
|a E877 .B43
|t 0
|l Remote Storage
|